000 00960cam a2200217 4500
001 WB3715-14
008 000000n2001 000 0 eng u
035 _a(Sirsi) u111995
245 _aProperty price gap wider than ever
260 _c2001
490 _aIndependent
_v 7 April 2001, 4(1)
520 _aAccording to latest figures published by the Halifax, the gap between house prices in London and the rest of the UK is now greater than ever. The average price for a property in London is now £157,691 compared to the average £87,038 for the rest of the country. Discusses fears about the state of the market, and that the recent fall on the stock market could cause house prices in London to drop by 4% in 2001.
590 _aWB
650 _aHOUSE PRICES
650 _aLONDON
650 _aUNITED KINGDOM
650 _aSTOCK MARKET
650 _aHALIFAX
690 _aPROPERTY-RESIDENTIAL PROPERTY-RESIDENTIAL PROPERTY MARKET
942 _n0
999 _c66714
_d66714